Jankov Vŕšok detail pamätníka padlým partizánom

Bibliographic Details
Other Authors: Hajduch, Ján, 1906-1972 (Photographer)
Format: Photo
Language:Slovak
PhysicalDescription:1 čiernobiela pohľadnica 11x15 cm
Published: Bratislava SVPL [1962]
Subjects:

MARC

LEADER 00000nkm a2200000 a 4500
001 vtls001438907
003 SK-MaSNL
005 20260331204227.0
007 kf bo
008 231206s1962 xo 0k slo
035 |a SNK000394049 
035 |a urn:nbn:sk:snk-km003rin 
035 |a 3D314071-6853-4AEE-9A57-E8513E33341A 
035 |a urn:nbn:sk:snk-kmtgcy 
040 |a SNK  |b slo  |c SNK  |e AACR2 
041 0 |a slo 
044 |a xo  |c SK 
080 |a 943.76"1944":061.75(084.121)  |2 1981 
080 |a 908.437.625:061.75(084.121)  |2 1981 
100 1 |a Hajduch, Ján,  |d 1906-1972  |4 pht  |9 98286 
245 1 0 |a Jankov Vŕšok  |h grafika  |b detail pamätníka padlým partizánom  |c foto Ján Hajduch 
260 |a Bratislava  |b SVPL  |c [1962] 
300 |a 1 čiernobiela pohľadnica  |c 11x15 cm 
650 0 7 |a druhá svetová vojna (1939-1945)  |2 SNKPH  |9 169657 
650 0 7 |a pamätníky  |2 SNKPH  |9 25601 
651 7 |a Prírodná rezervácia Jankov vŕšok (Slovensko)  |2 SNKPH  |9 65511 
655 7 |a miestne pohľadnice  |2 SNKPH  |9 70510 
852 |a Slovenská národná knižnica 
958 |a GC 
958 |a GBN 
958 |a OND 
999 |c 814739  |d 816669 
952 |t P60, <03>, [BOOK], {603}  |a SNK  |b SNK  |y PREZ  |7 0  |p 17A0396080  |o snkSP 151455  |i snkPV 763/2002  |0 0  |1 0  |4 0  |d 2002-08-07  |f 1  |l 0  |r 2005-01-02 00:00:00  |w 2026-02-24